Bad hair day / (Record no. 5024)

MARC details
000 -LEADER
fixed length control field 00861nam a22003017a 4500
001 - CONTROL NUMBER
control field 5024
003 - CONTROL NUMBER IDENTIFIER
control field FISKH
005 - DATE AND TIME OF LATEST TRANSACTION
control field 20241101093922.0
008 - FIXED-LENGTH DATA ELEMENTS--GENERAL INFORMATION
fixed length control field 241101b cb ||||| |||| 00| 0 eng d
020 ## - INTERNATIONAL STANDARD BOOK NUMBER
International Standard Book Number 9780448419961
040 ## - CATALOGING SOURCE
Original cataloging agency FISKH
Language of cataloging eng
Transcribing agency FISKH
Modifying agency FISKH
050 ## - LIBRARY OF CONGRESS CALL NUMBER
Classification number PZ8.H7577
082 ## - DEWEY DECIMAL CLASSIFICATION NUMBER
Classification number 464
100 ## - MAIN ENTRY--PERSONAL NAME
Personal name Hood, Susan
Dates associated with a name (1954–)
245 ## - TITLE STATEMENT
Title Bad hair day /
Statement of responsibility, etc. by Susan Hood illustrated by Joy Allen
250 ## - EDITION STATEMENT
Edition statement 1999
260 ## - PUBLICATION, DISTRIBUTION, ETC.
Place of publication, distribution, etc. New York :
Name of publisher, distributor, etc. Penguin,
Date of publication, distribution, etc. 1999.
300 ## - PHYSICAL DESCRIPTION
Extent 32 pages :
Other physical details Color illustrations ;
Dimensions 23 cm
505 ## - FORMATTED CONTENTS NOTE
Formatted contents note E<br/>
520 ## - SUMMARY, ETC.
Summary, etc. On the way to get a hair cut, a child sees others with not-so-perfect hair.
521 8# - TARGET AUDIENCE NOTE
Target audience note 280L<br/>
Source Lexile<br/>
521 8# - TARGET AUDIENCE NOTE
Target audience note E<br/>
Source Raz-Plus<br/>
650 ## - SUBJECT ADDED ENTRY--TOPICAL TERM
Source of heading or term Easy reader
Topical term or geographic name entry element Fiction
650 ## - SUBJECT ADDED ENTRY--TOPICAL TERM
Source of heading or term Early reader
Topical term or geographic name entry element Haircuts
700 ## - ADDED ENTRY--PERSONAL NAME
Personal name Allen, Joy
Dates associated with a name Illustrator
942 ## - ADDED ENTRY ELEMENTS (KOHA)
Source of classification or shelving scheme Dewey Decimal Classification
Koha item type Books
Suppress in OPAC No
Holdings
Withdrawn status Lost status Source of classification or shelving scheme Damaged status Not for loan Collection Home library Current library Shelving location Date acquired Total Checkouts Full call number Barcode Date last seen Copy number Price effective from Koha item type
    Dewey Decimal Classification     Fiction Footprints International School Library Network Toul Kork Campus Footprints International School Library Network Toul Kork Campus TK Primary Library Room(4th Floor), Bookcase 7, Shelves 57-60, Dark Green Books 11/01/2024   HOO 464 PZ8.H7577 FISTK01334 11/01/2024 1 11/01/2024 Books